Vista normal Vista MARC

Entrada Materia (personas)

Número de registros utilizados en: 1

001 - CONTROL NUMBER

  • control field: 61243

003 - CONTROL NUMBER IDENTIFIER

  • control field: Co-BoUCM

005 - DATE AND TIME OF LATEST TRANSACTION

  • control field: 20140519072255.0

008 - FIXED-LENGTH DATA ELEMENTS

  • fixed length control field: 140519|| aca||aabn | a|a d

040 ## - CATALOGING SOURCE

  • Original cataloging agency: Co-BoUCM
  • Transcribing agency: Co-BoUCM

100 ## - HEADING--PERSONAL NAME

  • Personal name: Ulloa, Pedro de
  • Dates associated with a name: 1663-1721

670 ## - SOURCE DATA FOUND

  • Source citation: Work cat.: (Co-BoUCM)70693: Ulloa, Pedro de 1663-1721, Elementos mathematicos que comprehenden los principios de la arte menor y mayor de la arithmetica, los de los planos y solidos de la geometria, los esphericos de Theodosio ... los principios de la algebra y su aplicación a la geometria, 1706